| 000 | 00575nam a2200193Ia 4500 | ||
|---|---|---|---|
| 003 | OSt | ||
| 005 | 20201006101038.0 | ||
| 008 | 190216s9999||||xx |||||||||||||| ||und|| | ||
| 020 | _a9780070611948 | ||
| 040 | _coclc | ||
| 082 |
_a005.43 _bDHA/O |
||
| 100 |
_aDhamdhere, D M _95337 |
||
| 245 | 0 |
_aOperating Systems A Concept-Based Approach / _cD M Dhamdhere |
|
| 250 | _a2nd Ed. | ||
| 260 |
_bTata Mcgraw-Hill Education Private Limited, _c2010. _aNew Delhi: |
||
| 300 | _a789p | ||
| 650 | _aCommerce | ||
| 942 |
_cBK _2ddc _h005.43 _iDHA/O _k005.43 _mDHA/O |
||
| 999 |
_c7713 _d7713 |
||